[Event "Titled Tuesday intern op 25th Feb Early"]
[Site "Chess.com INT"]
[Date "2025.02.25"]
[Round "7"]
[White "Begmuratov, Alisher"]
[Black "Sanhueza, Cristian"]
[Result "1-0"]
[WhiteElo "2395"]
[BlackElo "2188"]
[PlyCount "97"]
[EventDate "2025.02.25"]
[EventType "swiss (blitz)"]
[EventRounds "11"]
[EventCountry "USA"]
[SourceTitle "CB10_2025"]
[SourceDate "2025.03.05"]
[SourceVersion "1"]
[SourceVersionDate "2025.03.05"]
[SourceQuality "1"]

1. Nf3 Nf6 2. g3 g6 3. Bg2 Bg7 4. 0-0 0-0 5. b3 c5 6. Bb2 Nc6 7. c4 d6 8. d4 cxd4 9. Nxd4 Bd7 10. Nc3 Nxd4 11. Qxd4 Bc6 12. Nd5 Bxd5 13. cxd5 Qa5 14. Bc3 Qb5 15. Qd2 Rac8 16. Rfc1 Rxc3 17. Rxc3 Nxd5 18. Qxd5 Qxd5 19. Bxd5 Bxc3 20. Rc1 Ba5 21. Bxb7 Bb6 22. e4 Kg7 23. Kg2 f5 24. f4 e5 25. Kf3 exf4 26. gxf4 fxe4+ 27. Bxe4 Ba5 28. Rd1 Bb4 29. h4 a5 30. Kg4 Rc8 31. h5 gxh5+ 32. Kxh5 Kf6 33. Kg4 Rc5 34. Rh1 h5+ 35. Kf3 Rc3+ 36. Ke2 Bc5 37. Bd3 a4 38. bxa4 Ra3 39. Bc2 Rxa2 40. Kd2 Ra3 41. Rxh5 Be3+ 42. Ke2 Ra2 43. Kxe3 Rxc2 44. a5 Ra2 45. Rb5 Ke6 46. f5+ Kf6 47. Kd4 Ra4+ 48. Kd5 Ke7 49. Kc6 1-0

[Event "Titled Tuesday intern op 25th Feb Early"]
[Site "Chess.com INT"]
[Date "2025.02.25"]
[Round "3"]
[White "Tejaswini, G."]
[Black "Begmuratov, Alisher"]
[Result "0-1"]
[WhiteElo "2272"]
[BlackElo "2395"]
[PlyCount "66"]
[EventDate "2025.02.25"]
[EventType "swiss (blitz)"]
[EventRounds "11"]
[EventCountry "USA"]
[SourceTitle "CB10_2025"]
[SourceDate "2025.03.05"]
[SourceVersion "1"]
[SourceVersionDate "2025.03.05"]
[SourceQuality "1"]

1. d4 d5 2. c4 e6 3. Nc3 Nf6 4. cxd5 exd5 5. Bg5 c6 6. e3 Be7 7. Bd3 0-0 8. Nge2 Re8 9. 0-0 Nbd7 10. Qc2 h6 11. Bh4 Ne4 12. Bxe7 Qxe7 13. Bxe4 dxe4 14. d5 Nf6 15. dxc6 bxc6 16. Rad1 Ba6 17. Rfe1 Qe5 18. Nd4 Ng4 19. g3 Qh5 20. h4 g5 21. Kg2 c5 22. Nf5 Re5 23. Nd5 Bd3 24. Qc3 Rae8 25. Nde7+ R8xe7 26. Nxe7+ Rxe7 27. Qxc5 Re5 28. Qc8+ Kg7 29. Rh1 gxh4 30. Rxh4 Nxe3+ 31. fxe3 Qxd1 32. Qc3 Qc2+ 33. Qxc2 Bxc2 0-1

[Event "Titled Tuesday intern op 11th Feb Early"]
[Site "Chess.com INT"]
[Date "2025.02.11"]
[Round "1"]
[White "Begmuratov, Alisher"]
[Black "Shishkov, Andrei"]
[Result "0-1"]
[WhiteElo "2395"]
[BlackElo "2340"]
[PlyCount "58"]
[EventDate "2025.02.11"]
[EventType "swiss (blitz)"]
[EventRounds "11"]
[EventCountry "USA"]
[SourceTitle "CB08_2025"]
[SourceDate "2025.02.19"]
[SourceVersion "1"]
[SourceVersionDate "2025.02.19"]
[SourceQuality "1"]

1. Nf3 Nf6 2. b3 d5 3. Bb2 c5 4. g3 Nc6 5. Bg2 Qc7 6. 0-0 e5 7. c4 d4 8. e3 Bd6 9. exd4 cxd4 10. Na3 a6 11. Re1 0-0 12. Nc2 Re8 13. Ng5 Bf5 14. Ne4 Nxe4 15. Bxe4 Bxe4 16. Rxe4 f5 17. Re1 Rad8 18. d3 a5 19. Qf3 Qf7 20. Ba3 Bxa3 21. Nxa3 e4 22. Qe2 Nb4 23. dxe4 fxe4 24. Rad1 Nd3 25. Rf1 Ne5 26. Nb5 Nf3+ 27. Kh1 Qh5 28. h4 Qg4 29. Kg2 Nxh4+ 0-1

[Event "Moscow Botvinnik Memorial Cup"]
[Site "Moscow"]
[Date "2024.09.08"]
[Round "8.28"]
[White "Begmuratov, Alisher"]
[Black "Huseynova, Dinara"]
[Result "1-0"]
[WhiteElo "2395"]
[BlackElo "1923"]
[PlyCount "87"]
[EventDate "2024.09.04"]
[EventType "team-tourn"]
[EventRounds "9"]
[EventCountry "RUS"]
[SourceTitle "EXT 2025"]
[Source "ChessBase"]
[SourceDate "2024.10.14"]
[SourceVersion "1"]
[SourceVersionDate "2024.10.14"]
[SourceQuality "1"]
[WhiteTeam "Uzbekistan"]
[BlackTeam "Azerbaijan"]
[WhiteTeamCountry "UZB"]
[BlackTeamCountry "AZE"]

1. e4 e6 2. Qe2 c5 3. Nf3 Nc6 4. g3 g6 5. Bg2 Bg7 6. 0-0 Nf6 7. c3 d5 8. e5 Nd7 9. d4 cxd4 10. cxd4 0-0 11. h4 h5 12. Rd1 b6 13. Bg5 Qe8 14. Nc3 f6 15. exf6 Nxf6 16. Rac1 Bb7 17. Re1 Ng4 18. Qd3 Qf7 19. Nb5 e5 20. dxe5 Ncxe5 21. Nxe5 Nxe5 22. Rxe5 Bxe5 23. f4 Bb8 24. Re1 Qf5 25. Qxf5 gxf5 26. Re7 Bc6 27. Nd4 Bd6 28. Nxc6 Bxe7 29. Bxd5+ Kh7 30. Bxe7 Rfe8 31. Bf6 Re1+ 32. Kf2 Rd1 33. Bf3 Rd2+ 34. Ke3 Rc2 35. Ne7 Re8 36. Bxh5 Rxe7+ 37. Bxe7 Rxb2 38. Bf7 a5 39. h5 Kg7 40. Be6 Rh2 41. Bxf5 Rxa2 42. Bg5 Ra3+ 43. Ke4 Rc3 44. h6+ 1-0

[Event "Moscow Botvinnik Memorial Cup"]
[Site "Moscow"]
[Date "2024.09.08"]
[Round "8.27"]
[White "Isbatov, Kanan"]
[Black "Begmuratov, Alisher"]
[Result "0-1"]
[WhiteElo "1722"]
[BlackElo "2395"]
[PlyCount "105"]
[EventDate "2024.09.04"]
[EventType "team-tourn"]
[EventRounds "9"]
[EventCountry "RUS"]
[SourceTitle "EXT 2025"]
[Source "ChessBase"]
[SourceDate "2024.10.14"]
[SourceVersion "1"]
[SourceVersionDate "2024.10.14"]
[SourceQuality "1"]
[WhiteTeam "Azerbaijan"]
[BlackTeam "Uzbekistan"]
[WhiteTeamCountry "AZE"]
[BlackTeamCountry "UZB"]

1. d4 Nf6 2. c4 e6 3. Nf3 Bb4+ 4. Bd2 Qe7 5. a3 Bxd2+ 6. Nbxd2 d6 7. g3 0-0 8. Bg2 e5 9. e3 Bg4 10. Qc2 c6 11. 0-0 e4 12. Ng5 d5 13. Rae1 h6 14. Nh3 Nbd7 15. f3 exf3 16. Nxf3 Bxh3 17. Bxh3 Rae8 18. Nh4 g6 19. cxd5 cxd5 20. Qc7 Qd8 21. Qxb7 Re7 22. Qc6 Qb6 23. Bxd7 Nxd7 24. Qxd5 Rfe8 25. b4 Kg7 26. Rf3 Nf6 27. Qc5 Ne4 28. Qxb6 axb6 29. Ng2 Ra8 30. Ra1 Rea7 31. Nf4 Rxa3 32. Rxa3 Rxa3 33. Nd5 b5 34. Rf4 f5 35. g4 Ng5 36. Kg2 Ne6 37. Rf2 fxg4 38. Rc2 h5 39. Kf2 h4 40. Nc3 Ng5 41. Nxb5 Ne4+ 42. Ke2 Rb3 43. Nc7 Kf7 44. b5 h3 45. Nd5 g5 46. b6 Ke6 47. Nc7+ Kd7 48. d5 g3 49. Kf3 g2 50. Rc1 Nd2+ 51. Kf2 Rb2 52. Rd1 g4 53. Ke1 0-1

[Event "Moscow Botvinnik Memorial Cup"]
[Site "Moscow"]
[Date "2024.09.07"]
[Round "6.19"]
[White "Askanazyan, Gor"]
[Black "Begmuratov, Alisher"]
[Result "0-1"]
[WhiteElo "1955"]
[BlackElo "2395"]
[PlyCount "124"]
[EventDate "2024.09.04"]
[EventType "team-tourn"]
[EventRounds "9"]
[EventCountry "RUS"]
[SourceTitle "EXT 2025"]
[Source "ChessBase"]
[SourceDate "2024.10.14"]
[SourceVersion "1"]
[SourceVersionDate "2024.10.14"]
[SourceQuality "1"]
[WhiteTeam "Armenia"]
[BlackTeam "Uzbekistan"]
[WhiteTeamCountry "ARM"]
[BlackTeamCountry "UZB"]

1. e4 c6 2. d4 d5 3. e5 Bf5 4. h4 h5 5. c4 e6 6. Nc3 Ne7 7. Nge2 Nd7 8. Ng3 Bg6 9. Bg5 Qb6 10. Rc1 Nf5 11. Nxf5 Bxf5 12. cxd5 exd5 13. Bd3 Bg4 14. Be2 Bxe2 15. Qxe2 Qxd4 16. e6 Nf6 17. 0-0 Qg4 18. exf7+ Kxf7 19. Qe5 Re8 20. Qc7+ Qd7 21. Qxd7+ Nxd7 22. Nxd5 cxd5 23. Rc7 Ke6 24. Re1+ Kd6 25. Bf4+ Ne5 26. Rf7 Ke6 27. Rxf8 Rexf8 28. Bxe5 Kf7 29. Re3 Rh6 30. Bd4 Re6 31. Rg3 g6 32. Rg5 Re4 33. Bxa7 Rd8 34. Rg3 Ra8 35. Bc5 Rxa2 36. Rb3 Ra1+ 37. Kh2 Rxh4+ 38. Kg3 Rc4 39. Rxb7+ Ke6 40. Be3 d4 41. Bh6 d3 42. Rb6+ Kd7 43. Kf3 Re1 44. Bd2 Re2 45. Be3 Rc6 46. Rb3 Rd6 47. Rxd3 Rxf2+ 48. Kxf2 Rxd3 49. b4 Rb3 50. Bc5 Ke6 51. g3 Kf5 52. Be7 Ke4 53. Kg2 Kf5 54. Bc5 g5 55. Kf2 Ke4 56. Kg2 Rb2+ 57. Kg1 Kf3 58. Bd6 g4 59. Kh1 h4 60. gxh4 g3 61. Bc5 Rb1+ 62. Bg1 Rxb4 0-1

[Event "Moscow Botvinnik Memorial Cup"]
[Site "Moscow"]
[Date "2024.09.06"]
[Round "5.14"]
[White "Ahmedov, Ali"]
[Black "Begmuratov, Alisher"]
[Result "0-1"]
[WhiteElo "1797"]
[BlackElo "2395"]
[PlyCount "328"]
[EventDate "2024.09.04"]
[EventType "team-tourn"]
[EventRounds "9"]
[EventCountry "RUS"]
[SourceTitle "EXT 2025"]
[Source "ChessBase"]
[SourceDate "2024.10.14"]
[SourceVersion "1"]
[SourceVersionDate "2024.10.14"]
[SourceQuality "1"]
[WhiteTeam "Turkmenistan"]
[BlackTeam "Uzbekistan"]
[WhiteTeamCountry "TKM"]
[BlackTeamCountry "UZB"]

1. e4 c6 2. d4 d5 3. Nc3 dxe4 4. Nxe4 Nf6 5. Nxf6+ exf6 6. Bf4 Bd6 7. Bxd6 Qxd6 8. c3 0-0 9. Bd3 Re8+ 10. Ne2 Bg4 11. f3 Bh5 12. 0-0 Bg6 13. Ng3 Qf4 14. Bxg6 hxg6 15. Qc1 Qc7 16. Qd2 Nd7 17. Rfe1 f5 18. Rxe8+ Rxe8 19. Re1 Rxe1+ 20. Qxe1 Qd8 21. Nf1 Nb6 22. Qe2 Na4 23. Ne3 b5 24. Nd1 Nb6 25. Nf2 Nd5 26. Nd3 b4 27. Ne5 bxc3 28. bxc3 Nxc3 29. Qc4 Qxd4+ 30. Qxd4 Ne2+ 31. Kf2 Nxd4 32. Ke3 c5 33. Nd7 Ne6 34. g3 g5 35. Kd3 f4 36. Ne5 f6 37. Nc6 a6 38. Kc4 Nd4 39. Nxd4 cxd4 40. Kxd4 g4 41. gxf4 gxf3 42. Ke3 f5 43. Kxf3 Kf7 44. Ke3 Kg6 45. Kd4 Kh5 46. Ke5 g6 47. Kf6 Kg4 48. Kxg6 Kxf4 49. h4 Ke4 50. h5 f4 51. h6 f3 52. h7 f2 53. h8Q f1Q 54. Qe8+ Kd3 55. Qd7+ Kc3 56. Qc6+ Kb2 57. a4 Ka3 58. a5 Kb4 59. Qb6+ Qb5 60. Kf6 Ka4 61. Ke6 Qxa5 62. Qd4+ Qb4 63. Qa1+ Kb5 64. Qe5+ Kb6 65. Qb8+ Ka5 66. Qe5+ Qb5 67. Qa1+ Kb6 68. Qd4+ Qc5 69. Qb2+ Ka7 70. Qg7+ Kb6 71. Qb2+ Qb5 72. Qd4+ Ka5 73. Qa1+ Kb4 74. Qb2+ Kc4 75. Qc2+ Kd4 76. Qd2+ Ke4 77. Qg2+ Kd3 78. Qf3+ Kc2 79. Qe4+ Kb2 80. Qd4+ Ka3 81. Qa1+ Kb3 82. Qb1+ Kc3 83. Qc1+ Kd3 84. Qd1+ Ke3 85. Qc1+ Kd4 86. Qf4+ Kc5 87. Qe5+ Kb6 88. Qd4+ Kb7 89. Qg7+ Kc6 90. Qg2+ Kb6 91. Qf2+ Kb7 92. Qf7+ Kb6 93. Qf2+ Qc5 94. Qb2+ Kc6 95. Qg2+ Kb5 96. Qb2+ Qb4 97. Qe5+ Ka4 98. Qa1+ Qa3 99. Qd4+ Kb5 100. Qe5+ Kc4 101. Qe4+ Kc3 102. Qe3+ Kb4 103. Qd4+ Kb5 104. Qe5+ Ka4 105. Qd4+ Qb4 106. Qa1+ Kb5 107. Qe5+ Kb6 108. Qb8+ Kc5 109. Qe5+ Kc6 110. Qd5+ Kb6 111. Qd8+ Kb5 112. Qb8+ Ka4 113. Qe8+ Kb3 114. Qa8 a5 115. Qf3+ Kb2 116. Qe2+ Ka3 117. Kd7 Qd4+ 118. Ke8 a4 119. Qf3+ Kb2 120. Qe2+ Kc3 121. Qe1+ Kc4 122. Qe2+ Kd5 123. Qb5+ Ke6 124. Qa6+ Kf5 125. Qf1+ Ke5 126. Qb5+ Kf4 127. Qf1+ Kg5 128. Qg2+ Kf5 129. Qf1+ Qf4 130. Qh3+ Kg5 131. Qg2+ Qg4 132. Qd5+ Kf6 133. Qd8+ Kg7 134. Qe7+ Kg6 135. Qd6+ Kh5 136. Qh2+ Kg5 137. Qe5+ Qf5 138. Qe3+ Kf6 139. Qe7+ Kg6 140. Qd6+ Kg5 141. Qe7+ Kh6 142. Qe3+ Qg5 143. Qa3 Qe5+ 144. Kd7 Qd5+ 145. Kc7 Qc4+ 146. Kd7 Kg5 147. Qe3+ Kg4 148. Qg1+ Kf5 149. Qf2+ Ke5 150. Qe3+ Qe4 151. Qg3+ Kd4 152. Qg1+ Kd5 153. Qg8+ Kc5 154. Qc8+ Kd4 155. Qh8+ Kd3 156. Qh3+ Kc4 157. Kc7 Kb4 158. Qh8 a3 159. Qb8+ Kc3 160. Qh8+ Kb3 161. Qh3+ Kb2 162. Qh8+ Kb1 163. Qb8+ Kc1 164. Qa7 Qh7+ 0-1

[Event "Moscow Botvinnik Memorial Cup"]
[Site "Moscow"]
[Date "2024.09.05"]
[Round "2.2"]
[White "Begmuratov, Alisher"]
[Black "Ivannikov, Maksim"]
[Result "1-0"]
[WhiteElo "2395"]
[BlackElo "2186"]
[PlyCount "81"]
[EventDate "2024.09.04"]
[EventType "team-tourn"]
[EventRounds "9"]
[EventCountry "RUS"]
[SourceTitle "EXT 2025"]
[Source "ChessBase"]
[SourceDate "2024.10.14"]
[SourceVersion "1"]
[SourceVersionDate "2024.10.14"]
[SourceQuality "1"]
[WhiteTeam "Uzbekistan"]
[BlackTeam "Russia"]
[WhiteTeamCountry "UZB"]
[BlackTeamCountry "RUS"]

1. Nf3 Nf6 2. g3 g6 3. b3 Bg7 4. Bb2 b5 5. Bg2 Bb7 6. 0-0 0-0 7. d3 d6 8. e4 e5 9. Nbd2 c5 10. a4 a6 11. Re1 Nc6 12. Nf1 Qd7 13. Ne3 Nd4 14. c3 Nc6 15. Nd5 Nxd5 16. exd5 Ne7 17. c4 b4 18. Ng5 h6 19. Bh3 Qc7 20. Nf3 f5 21. Bg2 Rae8 22. Nxe5 Bxe5 23. Bxe5 dxe5 24. d6 Qxd6 25. Bxb7 Rb8 26. Bg2 Rbe8 27. Qf3 Kg7 28. Re2 Ng8 29. Qd5 Qxd5 30. cxd5 Nf6 31. Rae1 Nd7 32. f4 Kf6 33. d6 e4 34. dxe4 fxe4 35. Bh3 Nb6 36. d7 Re7 37. Rxe4 Rxe4 38. Rxe4 Kf7 39. a5 Na8 40. Rc4 Ke7 41. Rxc5 1-0

[Event "Moscow Botvinnik Memorial Cup"]
[Site "Moscow"]
[Date "2024.09.05"]
[Round "2.4"]
[White "Begmuratov, Alisher"]
[Black "Merkulova, Viktoria"]
[Result "0-1"]
[WhiteElo "2395"]
[BlackElo "1947"]
[PlyCount "241"]
[EventDate "2024.09.04"]
[EventType "team-tourn"]
[EventRounds "9"]
[EventCountry "RUS"]
[SourceTitle "EXT 2025"]
[Source "ChessBase"]
[SourceDate "2024.10.14"]
[SourceVersion "1"]
[SourceVersionDate "2024.10.14"]
[SourceQuality "1"]
[WhiteTeam "Uzbekistan"]
[BlackTeam "Russia"]
[WhiteTeamCountry "UZB"]
[BlackTeamCountry "RUS"]

1. e4 c5 2. Nf3 d6 3. d4 cxd4 4. Nxd4 Nf6 5. Nc3 g6 6. Be3 Bg7 7. f3 0-0 8. Qd2 Nc6 9. 0-0-0 d5 10. exd5 Nxd5 11. Nxc6 bxc6 12. Bd4 e5 13. Bc5 Be6 14. Ne4 Re8 15. h4 Nf4 16. Qe1 Bd5 17. Kb1 Qc7 18. c4 Bxe4+ 19. fxe4 Red8 20. Rxd8+ Rxd8 21. g3 Ne6 22. Be3 c5 23. h5 Qc6 24. Bg2 Qa4 25. b3 Qd7 26. hxg6 Qd3+ 27. Kc1 hxg6 28. Qd2 Qxd2+ 29. Bxd2 Rd3 30. Rh3 Bf6 31. Kc2 Rd6 32. Bf1 Nd4+ 33. Kc3 Bd8 34. Be3 Rf6 35. Bg2 a5 36. g4 a4 37. bxa4 Ba5+ 38. Kd3 Rd6 39. Bf1 Nb5+ 40. Kc2 Na3+ 41. Kb3 Nb1 42. Kc2 Na3+ 43. Kb2 Bb4 44. Be2 Ra6 45. Kb3 Nb1 46. Bc1 Nd2+ 47. Bxd2 Bxd2 48. Rd3 Bf4 49. Rd5 Ra5 50. Bd1 Kf8 51. Kc3 Ke7 52. Kd3 g5 53. Ke2 f6 54. Rd3 Ra7 55. Rd5 Ra5 56. Bc2 Bc1 57. Rd1 Bb2 58. Rb1 Bd4 59. Rb5 Bc3 60. Rb7+ Kd6 61. Rb6+ Ke7 62. Kd3 Bb4 63. Rb7+ Kd6 64. Bb3 Ke6 65. Kc2 Kd6 66. Rb6+ Ke7 67. Kb2 Be1 68. a3 Bd2 69. Kc2 Be1 70. Rb7+ Ke6 71. Rh7 Ra6 72. a5 Rxa5 73. Rh1 Bf2 74. Rh2 Bd4 75. a4 Bg1 76. Rh7 Bf2 77. Kd2 Bd4 78. Rb7 Kd6 79. Rb6+ Ke7 80. Kd3 Bf2 81. Kd2 Bd4 82. Kc2 Bf2 83. Kd1 Bd4 84. Kd2 Bb2 85. Rb7+ Ke6 86. Rb5 Ba3 87. Kc3 Kd6 88. Rb6+ Ke7 89. Bd1 Ra7 90. Kb3 Bb4 91. Rxb4 cxb4 92. c5 Kd7 93. Be2 Kc7 94. Kxb4 Rb7+ 95. Bb5 Rb8 96. a5 Rd8 97. a6 Rd1 98. Ka5 Ra1+ 99. Kb4 Rd1 100. Ka5 Ra1+ 101. Kb4 Rd1 102. Bc4 Ra1 103. Bd3 Ra2 104. Bb5 Ra1 105. Kc4 Rd1 106. Kb4 Rb1+ 107. Ka5 Ra1+ 108. Ba4 Rb1 109. c6 Rb8 110. Bb5 Ra8 111. Ba4 Rb8 112. Bb5 Ra8 113. Bc4 Rb8 114. Bd5 Rb1 115. Ka4 Kb6 116. Be6 Ra1+ 117. Kb4 Rxa6 118. Bd7 Ra1 119. Kc4 Rd1 120. Kc3 Rd4 121. Bf5 0-1

[Event "Moscow Botvinnik Memorial Cup"]
[Site "Moscow"]
[Date "2024.09.05"]
[Round "3.23"]
[White "Begmuratov, Alisher"]
[Black "Shorakhmatov, Iskandar"]
[Result "1-0"]
[WhiteElo "2395"]
[BlackElo "1468"]
[PlyCount "59"]
[EventDate "2024.09.04"]
[EventType "team-tourn"]
[EventRounds "9"]
[EventCountry "RUS"]
[SourceTitle "EXT 2025"]
[Source "ChessBase"]
[SourceDate "2024.10.14"]
[SourceVersion "1"]
[SourceVersionDate "2024.10.14"]
[SourceQuality "1"]
[WhiteTeam "Uzbekistan"]
[BlackTeam "Tajikistan"]
[WhiteTeamCountry "UZB"]
[BlackTeamCountry "TJK"]

1. e4 c6 2. Nc3 d5 3. Nf3 Bg4 4. h3 Bh5 5. exd5 cxd5 6. g4 Bg6 7. Ne5 e6 8. Bb5+ Ke7 9. d4 a6 10. Bd3 Nc6 11. Bf4 Ke8 12. Bxg6 hxg6 13. Qd3 g5 14. Bg3 Nxe5 15. Bxe5 f6 16. Qg6+ Kd7 17. Bg3 Ne7 18. Qd3 Nc6 19. 0-0-0 b5 20. f4 gxf4 21. Bxf4 b4 22. Na4 g5 23. Bg3 Bd6 24. Bxd6 Kxd6 25. Rhe1 b3 26. Qxb3 Qb8 27. Nc5 Re8 28. Qf3 Nxd4 29. Rxd4 Kxc5 30. Rxe6 1-0

[Event "Titled Tuesday intern op 21st Nov Early"]
[Site "Chess.com INT"]
[Date "2023.11.21"]
[Round "4"]
[White "Kanyamarala, Tarun"]
[Black "Begmuratov, Alisher"]
[Result "0-1"]
[WhiteElo "2312"]
[BlackElo "2395"]
[PlyCount "138"]
[EventDate "2023.11.21"]
[EventType "swiss (blitz)"]
[EventRounds "11"]
[EventCountry "USA"]
[SourceTitle "EXT 2025"]
[Source "ChessBase"]
[SourceDate "2024.10.14"]
[SourceVersion "1"]
[SourceVersionDate "2024.10.14"]
[SourceQuality "1"]

1. e4 c6 2. Nc3 d5 3. Qf3 e6 4. d4 dxe4 5. Qxe4 Nf6 6. Qd3 Nbd7 7. Nf3 Bd6 8. Bg5 0-0 9. 0-0-0 b5 10. Kb1 a5 11. h4 b4 12. Ne4 Ba6 13. Qe3 Be7 14. Bxa6 Rxa6 15. Ned2 Nd5 16. Qe2 Ra8 17. Nc4 N7b6 18. Nfe5 Nxc4 19. Qxc4 Bxg5 20. hxg5 Qxg5 21. g3 a4 22. Qd3 g6 23. f4 Qf5 24. Nxc6 a3 25. Qxf5 exf5 26. Rd3 axb2 27. Kxb2 Rfc8 28. Ne5 Nc3 29. Ra1 Ra3 30. d5 Na4+ 31. Kb1 Rxd3 32. cxd3 Nc3+ 33. Kb2 Nxd5 34. Rc1 Rxc1 35. Kxc1 f6 36. Nf3 h6 37. Nh4 Kf7 38. Kc2 Ne7 39. Kb3 g5 40. Nf3 Nd5 41. Kc4 Nc3 42. Kxb4 Nxa2+ 43. Kc4 Nc1 44. Nd4 Kg6 45. Kc3 h5 46. Kc2 Na2 47. Kb3 Nc1+ 48. Kc2 gxf4 49. gxf4 Na2 50. Kb3 h4 51. Kxa2 h3 52. Nf3 Kh5 53. d4 Kg4 54. d5 Kxf3 55. d6 h2 56. d7 h1Q 57. d8Q Qg2+ 58. Kb3 Kxf4 59. Qxf6 Qf3+ 60. Ka2 Qe2+ 61. Ka3 Qe3+ 62. Ka2 Qe4 63. Qh4+ Kf3 64. Qh1+ Ke2 65. Qh2+ Kd3 66. Qd6+ Kc3 67. Qf6+ Kd2 68. Qg5+ Kd1 69. Qg1+ Qe1 0-1

[Event "Titled Tuesday intern op 14th Nov Early"]
[Site "Chess.com INT"]
[Date "2023.11.14"]
[Round "6"]
[White "Begmuratov, Alisher"]
[Black "Chigaev, Maksim"]
[Result "0-1"]
[WhiteElo "2395"]
[BlackElo "2627"]
[PlyCount "122"]
[EventDate "2023.11.14"]
[EventType "swiss (blitz)"]
[EventRounds "11"]
[EventCountry "USA"]
[SourceTitle "CBM 217 Extra"]
[Source "ChessBase"]
[SourceDate "2024.01.31"]
[SourceVersion "1"]
[SourceVersionDate "2024.01.31"]
[SourceQuality "1"]

1. e4 c5 2. Nf3 d6 3. Bb5+ Nc6 4. 0-0 Bd7 5. Re1 Nf6 6. h3 a6 7. Bf1 e5 8. c3 Be7 9. d4 h6 10. Na3 0-0 11. dxc5 dxc5 12. Nc4 Qc7 13. Qc2 b5 14. Ne3 Be6 15. Nf5 Rfd8 16. g4 Nh7 17. a4 c4 18. Be3 Bg5 19. Qc1 Bxe3 20. Qxe3 Nf8 21. Qc5 Bxf5 22. exf5 Nd7 23. Qe3 Re8 24. axb5 axb5 25. Rxa8 Rxa8 26. Nd2 Nf6 27. Bg2 Rd8 28. Nf1 e4 29. Bxe4 Re8 30. Ng3 Ne5 31. Qc1 Nxe4 32. Rxe4 Nf3+ 33. Kg2 Nh4+ 34. Kf1 Rxe4 35. Nxe4 Qh2 36. Qe3 Qh1+ 37. Ke2 Qb1 38. f6 Qxb2+ 39. Nd2 gxf6 40. Qxh6 Ng6 41. Qe3 b4 42. cxb4 c3 43. Qd4 Ne5 44. g5 Nc6 45. Qe3 cxd2 46. Qe8+ Kg7 47. gxf6+ Qxf6 48. Kxd2 Nxb4 49. Qe3 Qb2+ 50. Kd1 Qb1+ 51. Ke2 Qc2+ 52. Kf3 Qd3 53. Qxd3 Nxd3 54. Ke3 Nc5 55. Kd4 Ne6+ 56. Ke5 Kg6 57. Ke4 Ng5+ 58. Kf4 Nxh3+ 59. Kg4 Ng5 60. f4 f5+ 61. Kg3 Ne6 0-1

[Event "Titled Tuesday intern op 14th Nov Early"]
[Site "Chess.com INT"]
[Date "2023.11.14"]
[Round "4"]
[White "Klukin, Kirill"]
[Black "Begmuratov, Alisher"]
[Result "0-1"]
[WhiteElo "2390"]
[BlackElo "2395"]
[PlyCount "110"]
[EventDate "2023.11.14"]
[EventType "swiss (blitz)"]
[EventRounds "11"]
[EventCountry "USA"]
[SourceTitle "CBM 217 Extra"]
[Source "ChessBase"]
[SourceDate "2024.01.31"]
[SourceVersion "1"]
[SourceVersionDate "2024.01.31"]
[SourceQuality "1"]

1. d4 Nf6 2. Nf3 e6 3. e3 b6 4. Bd3 Bb7 5. 0-0 d5 6. b3 Bd6 7. Bb2 0-0 8. Nbd2 a6 9. Qe2 Nbd7 10. Ne5 c5 11. f4 Ne4 12. Bxe4 dxe4 13. Ndc4 Bc7 14. Nxd7 Qxd7 15. dxc5 bxc5 16. Rad1 Qe7 17. Be5 f6 18. Bxc7 Qxc7 19. f5 exf5 20. Rxf5 Rad8 21. Rxd8 Rxd8 22. Qh5 g6 23. Rxc5 Qe7 24. Qh4 Qxc5 25. Qxf6 Rd1+ 26. Kf2 Qf5+ 27. Qxf5 gxf5 28. Ke2 Rc1 29. Kd2 Rg1 30. g3 Rg2+ 31. Kc3 Rxh2 32. Nd6 Bc6 33. Nxf5 Bd7 34. Nd6 Kg7 35. Nxe4 Bf5 36. Nd6 Rxc2+ 37. Kd4 Bg6 38. a4 Rg2 39. b4 Rxg3 40. b5 axb5 41. axb5 Rg1 42. b6 Rb1 43. b7 h5 44. Kc5 Bd3 45. Kc6 h4 46. Kc7 h3 47. e4 h2 48. Nf5+ Kf6 49. Ng3 Ke5 50. b8Q Rxb8 51. Kxb8 Kf4 52. Nh1 Kf3 53. e5 Kg2 54. e6 Kxh1 55. e7 Bb5 0-1

[Event "Titled Tuesday intern op 18th Jul Early"]
[Site "Chess.com INT"]
[Date "2023.07.18"]
[Round "7"]
[White "Begmuratov, Alisher"]
[Black "Dhananjay, S."]
[Result "0-1"]
[WhiteElo "2395"]
[BlackElo "2155"]
[PlyCount "114"]
[EventDate "2023.07.18"]
[EventType "swiss (blitz)"]
[EventRounds "11"]
[EventCountry "USA"]
[SourceTitle "EXT 2024"]
[Source "ChessBase"]
[SourceDate "2023.10.10"]
[SourceVersion "1"]
[SourceVersionDate "2023.10.10"]
[SourceQuality "1"]

1. Nf3 d5 2. b3 Bf5 3. Bb2 e6 4. e3 h6 5. Be2 Nf6 6. 0-0 c6 7. c4 Bd6 8. Nc3 Nbd7 9. d3 Bh7 10. a3 0-0 11. b4 a5 12. c5 Bc7 13. d4 e5 14. b5 e4 15. Nd2 Ne8 16. Qa4 Qf6 17. bxc6 bxc6 18. Nxd5 cxd5 19. Qxd7 Rd8 20. Qa4 Qh4 21. g3 Qh3 22. Rfb1 Nf6 23. Bf1 Qh5 24. Qd1 Qg5 25. Bh3 h5 26. Bc3 Rb8 27. Rxb8 Rxb8 28. Rb1 h4 29. Rxb8+ Bxb8 30. Qb1 Bc7 31. Qb7 Ne8 32. Bd7 hxg3 33. hxg3 Bxg3 34. Bxe8 Bg6 35. Qc8 Bh5 36. Bb5+ Kh7 37. Qh3 Bh4+ 38. Kf1 Kg6 39. Be2 Bxe2+ 40. Kxe2 Qh5+ 41. Ke1 Bxf2+ 42. Kxf2 Qxh3 43. Bxa5 Qh2+ 44. Ke1 Qg3+ 45. Ke2 Qg4+ 46. Ke1 Qc8 47. Bb4 Kf5 48. Nb3 g5 49. Na5 g4 50. c6 g3 51. Kf1 Kg4 52. Kg2 Qf5 53. Be1 Qf3+ 54. Kg1 Qxe3+ 55. Kf1 Qf3+ 56. Kg1 Qe2 57. Bxg3 Kxg3 0-1

[Event "Titled Tuesday intern op 18th Jul Late"]
[Site "Chess.com INT"]
[Date "2023.07.18"]
[Round "3"]
[White "Begmuratov, Alisher"]
[Black "Xiong, Jeffery"]
[Result "0-1"]
[WhiteElo "2395"]
[BlackElo "2693"]
[PlyCount "68"]
[EventDate "2023.07.18"]
[EventType "swiss (blitz)"]
[EventRounds "11"]
[EventCountry "USA"]
[SourceTitle "EXT 2024"]
[Source "ChessBase"]
[SourceDate "2023.10.10"]
[SourceVersion "1"]
[SourceVersionDate "2023.10.10"]
[SourceQuality "1"]

1. c4 e5 2. g3 Be7 3. Bg2 f5 4. d4 d6 5. dxe5 dxe5 6. Qxd8+ Bxd8 7. Nf3 e4 8. Nd4 Bf6 9. Nb5 Na6 10. N1c3 Be6 11. Nd5 Bxd5 12. cxd5 0-0-0 13. Nxa7+ Kb8 14. Nb5 Nb4 15. 0-0 Nxd5 16. Rb1 Nge7 17. Rd1 Rd7 18. Bd2 Rhd8 19. Be1 h5 20. Rdc1 h4 21. a4 g5 22. Na3 g4 23. b4 Nc6 24. b5 Nd4 25. Bf1 hxg3 26. hxg3 Rh8 27. Nc2 Rdh7 28. Bg2 Nxe2+ 29. Kf1 Nxc1 30. Rxc1 Rd7 31. a5 Rhd8 32. Kg1 Nc3 33. Bxc3 Bxc3 34. Ne3 Bd2 0-1